[Event "GBR-ch73"]
[Site "Southampton"]
[Date "1986.07.28"]
[Round "1"]
[White "Anagnostopoulos, Dimitri"]
[Black "Plaskett, H James"]
[Result "0-1"]
[WhiteElo "2255"]
[BlackElo "2450"]
[PlyCount "32"]
[EventDate "1986.07.28"]
[EventType "swiss"]
[EventRounds "11"]
[EventCountry "GBR"]
[SourceTitle "BritBase"]
[Source "John Saunders"]
[SourceDate "2020.09.07"]
[SourceVersion "1"]
[SourceVersionDate "2020.09.07"]
[SourceQuality "2"]

1. e4 d6 2. d4 Nf6 3. Nc3 g6 4. Bg5 Nbd7 5. f4 h6 6. Bh4 Bg7 7. e5 Nh5 8. Nd5
c6 9. Nxe7 dxe5 10. fxe5 Qb6 11. b3 Nxe5 12. Nxc8 Rxc8 13. Qd2 Ng4 14. Qe2+ Kf8
15. Qxg4 Qb4+ 16. Kd1 f5 0-1

[Event "GBR-ch73"]
[Site "Southampton"]
[Date "1986.07.28"]
[Round "1"]
[White "Allen, Keith"]
[Black "Hawksworth, John C"]
[Result "0-1"]
[WhiteElo "2225"]
[BlackElo "2400"]
[PlyCount "68"]
[EventDate "1986.07.28"]
[EventType "swiss"]
[EventRounds "11"]
[EventCountry "GBR"]
[SourceTitle "BritBase"]
[Source "John Saunders"]
[SourceDate "2020.09.07"]
[SourceVersion "1"]
[SourceVersionDate "2020.09.07"]
[SourceQuality "2"]

1. d4 Nf6 2. c4 e6 3. g3 c5 4. Nf3 cxd4 5. Nxd4 Nc6 6. Bg2 Qb6 7. Nc2 Be7 8.
O-O O-O 9. Nc3 a6 10. b3 d6 11. Bb2 Bd7 12. e4 Rfd8 13. Qe2 Rac8 14. Qe3 Qa5
15. Rfd1 b5 16. cxb5 axb5 17. a4 bxa4 18. Rxa4 Qh5 19. h3 e5 20. g4 Qh4 21.
Raa1 h5 22. gxh5 Nxh5 23. Nd5 Bg5 24. Qf3 Ne7 25. Nce3 Bxe3 26. Nxe3 Be6 27.
Ra6 Nf4 28. Raxd6 Rxd6 29. Rxd6 Bxh3 30. Bxh3 Nxh3+ 31. Kg2 Ng6 32. Kf1 Ng5 33.
Nf5 Nxf3 34. Nxh4 Ngxh4 0-1

[Event "GBR-ch73"]
[Site "Southampton"]
[Date "1986.07.28"]
[Round "1"]
[White "Arkell, Keith C"]
[Black "Lawson, David"]
[Result "1-0"]
[WhiteElo "2350"]
[BlackElo "2200"]
[PlyCount "108"]
[EventDate "1986.07.28"]
[EventType "swiss"]
[EventRounds "11"]
[EventCountry "GBR"]
[SourceTitle "BritBase"]
[Source "John Saunders"]
[SourceDate "2020.09.07"]
[SourceVersion "1"]
[SourceVersionDate "2020.09.07"]
[SourceQuality "2"]

1. d4 Nf6 2. c4 e6 3. Nc3 Bb4 4. Bg5 h6 5. Bh4 Bxc3+ 6. bxc3 Qe7 7. e3 d6 8.
Bd3 Nbd7 9. Ne2 b6 10. e4 Bb7 11. f3 e5 12. O-O g5 13. Bf2 Nh5 14. a4 a5 15.
Rb1 Bc6 16. Be3 O-O-O 17. g3 Ng7 18. Qb3 Bb7 19. Nc1 f5 20. exf5 e4 21. fxe4
Bxe4 22. Bd2 Bxd3 23. Nxd3 Qe4 24. Qc2 Rhf8 25. Rbe1 Qc6 26. Nb2 Rde8 27. Qd3
Nf6 28. d5 Qd7 29. h3 Qf7 30. g4 Nd7 31. Qd4 Rxe1 32. Rxe1 Ne5 33. Rf1 Qf6 34.
Nd3 Re8 35. Nxe5 Rxe5 36. Re1 Ne8 37. Qf2 Qe7 38. Rxe5 dxe5 39. c5 Kb7 40. c4
Nf6 41. c6+ Kc8 42. Qe3 e4 43. Bc3 Ne8 44. Qd4 Qa3 45. Qxe4 Nd6 46. Qe3 Qxa4
47. Qd4 Nf7 48. c5 Qb5 49. cxb6 Qb1+ 50. Kg2 cxb6 51. Bd2 Qc2 52. Qe3 Ne5 53.
Kg3 b5 54. Bxa5 Qa2 1-0

[Event "GBR-ch73"]
[Site "Southampton"]
[Date "1986.07.28"]
[Round "1"]
[White "Botterill, George Steven"]
[Black "Townsend, M Paul"]
[Result "1-0"]
[WhiteElo "2395"]
[BlackElo "2220"]
[PlyCount "79"]
[EventDate "1986.07.28"]
[EventType "swiss"]
[EventRounds "11"]
[EventCountry "GBR"]
[SourceTitle "BritBase"]
[Source "John Saunders"]
[SourceDate "2020.09.07"]
[SourceVersion "1"]
[SourceVersionDate "2020.09.07"]
[SourceQuality "2"]

1. d4 Nf6 2. c4 e6 3. Nc3 Bb4 4. Qc2 c5 5. dxc5 O-O 6. Nf3 Na6 7. Bd2 Nxc5 8.
a3 Bxc3 9. Bxc3 b6 10. Ng5 e5 11. Bxe5 Re8 12. Bc3 Bb7 13. e3 Nce4 14. Nxe4
Nxe4 15. Be2 Qh4 16. Bf3 d5 17. Rd1 Rac8 18. Bxe4 Rxe4 19. cxd5 Rxe3+ 20. Kf1
Qc4+ 21. Kg1 Re2 22. Qf5 Qb3 23. Qd3 Ba6 24. Qd4 f6 25. d6 Rd8 26. h3 Re6 27.
Kh2 Bb7 28. Rhe1 Rxe1 29. Rxe1 Qd5 30. Qxd5+ Bxd5 31. Re7 a5 32. d7 Bc6 33. Re6
Bxd7 34. Rxb6 a4 35. Rb7 Bc6 36. Rc7 Be8 37. f3 Kf8 38. Bb4+ Kg8 39. Bc3 Kf8
40. g4 1-0

[Event "GBR-ch73"]
[Site "Southampton"]
[Date "1986.07.28"]
[Round "1"]
[White "Bowden, Karl"]
[Black "Lyell, Mark"]
[Result "1/2-1/2"]
[WhiteElo "2340"]
[BlackElo "2030"]
[PlyCount "70"]
[EventDate "1986.07.28"]
[EventType "swiss"]
[EventRounds "11"]
[EventCountry "GBR"]
[SourceTitle "BritBase"]
[Source "John Saunders"]
[SourceDate "2020.09.07"]
[SourceVersion "1"]
[SourceVersionDate "2020.09.07"]
[SourceQuality "2"]

1. e4 e5 2. Bc4 f5 3. d3 Nf6 4. f4 Nc6 5. Nf3 fxe4 6. dxe4 Nxe4 7. Bd5 Nf6 8.
Bxc6 e4 9. Bxe4 Nxe4 10. Be3 Bc5 11. Qe2 O-O 12. O-O Qe7 13. Nc3 Bxe3+ 14. Qxe3
Qc5 15. Rae1 Qxe3+ 16. Rxe3 Nxc3 17. Rxc3 c6 18. Re3 d6 19. g3 Bg4 20. Ng5 Rae8
21. Rfe1 Rxe3 22. Rxe3 Bf5 23. c3 h6 24. Ne4 Bxe4 25. Rxe4 Kf7 26. Kf2 Re8 27.
Rd4 d5 28. g4 Ke6 29. Rd2 Kd6 30. Kg3 c5 31. h4 Re4 32. Kf3 Re1 33. h5 Rf1+ 34.
Ke3 Rg1 35. Kf3 Rf1+ 1/2-1/2

[Event "GBR-ch73"]
[Site "Southampton"]
[Date "1986.07.28"]
[Round "1"]
[White "Carr, Neil L"]
[Black "Flear, Glenn C"]
[Result "0-1"]
[WhiteElo "2305"]
[BlackElo "2505"]
[PlyCount "112"]
[EventDate "1986.07.28"]
[EventType "swiss"]
[EventRounds "11"]
[EventCountry "GBR"]
[SourceTitle "BritBase"]
[Source "John Saunders"]
[SourceDate "2020.09.07"]
[SourceVersion "1"]
[SourceVersionDate "2020.09.07"]
[SourceQuality "2"]

1. e4 e5 2. Nf3 Nc6 3. d4 exd4 4. Bc4 Nf6 5. e5 d5 6. Bb5 Ne4 7. Nxd4 Bc5 8.
O-O O-O 9. Bxc6 bxc6 10. f3 f6 11. fxe4 fxe5 12. Rxf8+ Qxf8 13. c3 dxe4 14. Be3
exd4 15. cxd4 Bd6 16. Nd2 Bf5 17. Qc2 Qe8 18. Rc1 Rb8 19. Nc4 Bd7 20. b3 Rb5
21. Ne5 Bxe5 22. dxe5 Rxe5 23. Bxa7 e3 24. Bd4 Re4 25. Qc3 Qe7 26. Re1 e2 27.
a4 Bc8 28. Bf2 Qe6 29. Qa5 Qxb3 30. Qxc7 Qe6 31. a5 Ba6 32. Qb8+ Qc8 33. Qb6 h6
34. h3 Qb7 35. Ra1 Rb4 36. Qd8+ Kh7 37. Qd2 Re4 38. Qc2 Qb4 39. Kh2 Qc4 40. Qb2
Qe6 41. Qc2 Kh8 42. Re1 Re5 43. Qc3 Rf5 44. Bg3 Qe4 45. Rc1 c5 46. Qc2 Qxc2 47.
Rxc2 Rf1 48. Rxc5 e1=Q 49. Bxe1 Rxe1 50. Rc6 Bf1 51. g4 Ra1 52. Rc5 Ra2+ 53.
Kg3 Ra3+ 54. Kf4 Bxh3 55. g5 hxg5+ 56. Rxg5 Ra4+ 0-1

[Event "GBR-ch73"]
[Site "Southampton"]
[Date "1986.07.28"]
[Round "1"]
[White "Crawley, Gavin"]
[Black "Le Blancq, Simon"]
[Result "1-0"]
[WhiteElo "2345"]
[BlackElo "2270"]
[PlyCount "45"]
[EventDate "1986.07.28"]
[EventType "swiss"]
[EventRounds "11"]
[EventCountry "GBR"]
[SourceTitle "BritBase"]
[Source "John Saunders"]
[SourceDate "2020.09.07"]
[SourceVersion "1"]
[SourceVersionDate "2020.09.07"]
[SourceQuality "2"]

1. d4 Nf6 2. Nf3 e6 3. Bg5 h6 4. Bxf6 Qxf6 5. Nbd2 b6 6. e4 Ba6 7. Bxa6 Nxa6 8.
Qe2 Nb4 9. Nc4 g5 10. c3 Nc6 11. d5 Nd8 12. O-O Nb7 13. Rfd1 g4 14. Nfe5 O-O-O
15. Nxg4 Qg7 16. a4 Rg8 17. Nge3 Bc5 18. a5 Bxe3 19. Nxe3 bxa5 20. Qa6 Kb8 21.
Rxa5 Nxa5 22. Ra1 Nc6 23. Ra3 1-0

[Event "GBR-ch73"]
[Site "Southampton"]
[Date "1986.07.28"]
[Round "1"]
[White "Emms, John"]
[Black "Hodgson, Julian M"]
[Result "1-0"]
[WhiteElo "2305"]
[BlackElo "2500"]
[PlyCount "99"]
[EventDate "1986.07.28"]
[EventType "swiss"]
[EventRounds "11"]
[EventCountry "GBR"]
[SourceTitle "BritBase"]
[Source "John Saunders"]
[SourceDate "2020.09.07"]
[SourceVersion "1"]
[SourceVersionDate "2020.09.07"]
[SourceQuality "2"]

1. e4 d6 2. d4 g6 3. Nf3 Bg7 4. Be2 c5 5. c3 Qc7 6. O-O Nf6 7. Re1 O-O 8. Nbd2
Bg4 9. Bf1 cxd4 10. cxd4 Nc6 11. h3 Bd7 12. a3 e5 13. d5 Ne7 14. Nc4 Ne8 15.
Bd2 b5 16. Na5 Qb6 17. b4 f5 18. Be3 Qd8 19. Bg5 Nf6 20. exf5 gxf5 21. Rc1 Ng6
22. Nc6 Qb6 23. Be3 Qb7 24. Qb3 h6 25. a4 bxa4 26. Qxa4 a6 27. Qa5 f4 28. Bb6
Bf5 29. Nd8 Qd7 30. Rc7 Qe8 31. Ne6 Bxe6 32. dxe6 Ne7 33. Rd1 Nc8 34. Bc4 d5
35. Rxd5 Nxb6 36. Qxb6 Nxd5 37. Bxd5 Kh8 38. Bxa8 Qxa8 39. Nh4 Rg8 40. Qb7 Qe8
41. Nf5 Qxe6 42. Nxg7 Qg6 43. Nh5 Rf8 44. Rc8 Rg8 45. Qa8 Qb1+ 46. Kh2 Rxc8 47.
Qxc8+ Kh7 48. Qd7+ Kg6 49. Qg7+ Kxh5 50. Qg4# 1-0

[Event "GBR-ch73"]
[Site "Southampton"]
[Date "1986.07.28"]
[Round "1"]
[White "Findlay, Ian T"]
[Black "Watts, David"]
[Result "1-0"]
[WhiteElo "2375"]
[BlackElo "2210"]
[PlyCount "49"]
[EventDate "1986.07.28"]
[EventType "swiss"]
[EventRounds "11"]
[EventCountry "GBR"]
[SourceTitle "BritBase"]
[Source "John Saunders"]
[SourceDate "2020.09.07"]
[SourceVersion "1"]
[SourceVersionDate "2020.09.07"]
[SourceQuality "2"]

1. e4 c5 2. Nf3 d6 3. d4 cxd4 4. Nxd4 Nf6 5. Nc3 g6 6. Be2 Bg7 7. O-O Nc6 8.
Nb3 O-O 9. Bg5 Rb8 10. f4 b5 11. a3 a5 12. Bf3 Bd7 13. Kh1 a4 14. Nc1 b4 15.
axb4 Rxb4 16. Nd3 Rc4 17. Rxa4 Rxa4 18. Nxa4 Nd4 19. Nc3 Qa5 20. e5 Nxf3 21.
Qxf3 dxe5 22. fxe5 Ng4 23. Bxe7 Re8 24. Qxf7+ Kh8 25. Bf6 1-0

[Event "GBR-ch73"]
[Site "Southampton"]
[Date "1986.07.28"]
[Round "1"]
[White "Hazelton, Martin"]
[Black "Thomas, Ian L"]
[Result "0-1"]
[WhiteElo "2145"]
[BlackElo "2350"]
[PlyCount "72"]
[EventDate "1986.07.28"]
[EventType "swiss"]
[EventRounds "11"]
[EventCountry "GBR"]
[SourceTitle "BritBase"]
[Source "John Saunders"]
[SourceDate "2020.09.07"]
[SourceVersion "1"]
[SourceVersionDate "2020.09.07"]
[SourceQuality "2"]

1. e4 e5 2. Nf3 Nc6 3. Bc4 Nf6 4. d4 exd4 5. O-O Nxe4 6. Re1 d5 7. Nc3 Be6 8.
Bxd5 Nxc3 9. Bxc6+ bxc6 10. bxc3 dxc3 11. Nd4 Qd5 12. Nxe6 fxe6 13. Qg4 Bc5 14.
Rxe6+ Kf7 15. Re1 Rhe8 16. Bg5 h6 17. Bf4 Bd4 18. Bxc7 c5 19. a4 Kg8 20. Bg3
Bf6 21. h3 Kh7 22. Rad1 Qg5 23. Qf3 Qg6 24. Rxe8 Rxe8 25. Rc1 Bg5 26. Rf1 Qxc2
27. h4 Bd2 28. Qf7 Qg6 29. Qxa7 c2 30. Qxc5 Qd3 31. Kh2 Rd8 32. Rg1 Rd4 33. Qe7
c1=Q 34. Rxc1 Bxc1 35. a5 Ba3 36. Qb7 Bd6 0-1

[Event "GBR-ch73"]
[Site "Southampton"]
[Date "1986.07.28"]
[Round "1"]
[White "Hebden, Mark L"]
[Black "Kwiatkowski, Feliks J"]
[Result "1-0"]
[WhiteElo "2440"]
[BlackElo "2250"]
[PlyCount "127"]
[EventDate "1986.07.28"]
[EventType "swiss"]
[EventRounds "11"]
[EventCountry "GBR"]
[SourceTitle "BritBase"]
[Source "John Saunders"]
[SourceDate "2020.09.07"]
[SourceVersion "1"]
[SourceVersionDate "2020.09.07"]
[SourceQuality "2"]

1. e4 c5 2. f4 d5 3. Nc3 e6 4. Nf3 Nc6 5. Bb5 Nge7 6. exd5 Nxd5 7. Ne5 Bd7 8.
Bxc6 Bxc6 9. Nxc6 bxc6 10. O-O Be7 11. Qe2 O-O 12. Nd1 Bf6 13. Ne3 Rb8 14. c3
Nxe3 15. dxe3 Qb6 16. g4 e5 17. g5 Be7 18. c4 exf4 19. exf4 Rbe8 20. Qg4 f5 21.
Qg3 Bd6 22. b3 Qc7 23. Bd2 Re2 24. Bc3 Re4 25. Bd2 Re2 26. Rad1 Rfe8 27. h4
R8e4 28. Qf3 Qe7 29. Rf2 Rxf2 30. Kxf2 Qc7 31. Re1 Rd4 32. Re8+ Kf7 33. Re2 g6
34. Be3 Re4 35. Bc1 Rd4 36. Kg3 Qd7 37. Kg2 Qc7 38. Rf2 Re4 39. Qc3 Bxf4 40.
Qh8 Qd6 41. Qxh7+ Kf8 42. Qh8+ Kf7 43. Bxf4 Rxf4 44. Rxf4 Qxf4 45. Qf6+ Kg8 46.
Qxg6+ Kf8 47. Qf6+ Kg8 48. Qd8+ Kg7 49. Qd7+ Kf8 50. Qd3 Qg4+ 51. Qg3 Qe2+ 52.
Kh3 Qf1+ 53. Qg2 Qd3+ 54. Kh2 Qd6+ 55. Qg3 f4 56. Qf3 Qe5 57. Kg2 Kg7 58. Qd3
Qe6 59. Kf3 Qh3+ 60. Ke4 Qxh4 61. Qd7+ Kf8 62. Qd8+ Kg7 63. Qf6+ Kg8 64. Qg6+
1-0

[Event "GBR-ch73"]
[Site "Southampton"]
[Date "1986.07.28"]
[Round "1"]
[White "Hennigan, Michael"]
[Black "Basman, Michael John"]
[Result "1/2-1/2"]
[WhiteElo "2225"]
[BlackElo "2395"]
[PlyCount "100"]
[EventDate "1986.07.28"]
[EventType "swiss"]
[EventRounds "11"]
[EventCountry "GBR"]
[SourceTitle "BritBase"]
[Source "John Saunders"]
[SourceDate "2020.09.07"]
[SourceVersion "1"]
[SourceVersionDate "2020.09.07"]
[SourceQuality "2"]

1. e4 b6 2. d4 Bb7 3. Nc3 e6 4. Nf3 Bb4 5. Bd3 Nf6 6. Qe2 d5 7. exd5 Qxd5 8.
O-O Bxc3 9. bxc3 O-O 10. c4 Qh5 11. Ne5 Qxe2 12. Bxe2 Nbd7 13. Nxd7 Nxd7 14.
Rd1 Rfd8 15. Bf4 Rac8 16. a4 a5 17. Ra3 Ba6 18. Bf3 c5 19. c3 e5 20. dxe5 Bxc4
21. Raa1 Nf8 22. Rd6 Ne6 23. Bg3 Rb8 24. Rb1 Bd3 25. Rbxb6 Rxb6 26. Rxb6 Bc2
27. h3 Bxa4 28. Ra6 Bd1 29. Bxd1 Rxd1+ 30. Kh2 g5 31. Rxa5 Rc1 32. Ra3 h5 33.
h4 g4 34. f4 gxf3 35. gxf3 Kg7 36. Bf2 Kg6 37. Be3 Re1 38. Bf2 Rxe5 39. Ra5 f5
40. Kg3 f4+ 41. Kg2 Re2 42. Kf1 Rc2 43. Bxc5 Rxc3 44. Bf2 Rxf3 45. Kg2 Rd3 46.
Re5 Ng7 47. Rg5+ Kf6 48. Bb6 Nf5 49. Rxh5 Ng3 50. Rh8 Kf5 1/2-1/2

[Event "GBR-ch73"]
[Site "Southampton"]
[Date "1986.07.28"]
[Round "1"]
[White "King, Daniel J"]
[Black "Dunnington, Angus J"]
[Result "1-0"]
[WhiteElo "2455"]
[BlackElo "2280"]
[PlyCount "81"]
[EventDate "1986.07.28"]
[EventType "swiss"]
[EventRounds "11"]
[EventCountry "GBR"]
[SourceTitle "BritBase"]
[Source "John Saunders"]
[SourceDate "2020.09.07"]
[SourceVersion "1"]
[SourceVersionDate "2020.09.07"]
[SourceQuality "2"]

1. e4 c6 2. d4 d5 3. exd5 cxd5 4. c4 Nf6 5. Nc3 g6 6. Qb3 Bg7 7. cxd5 O-O 8.
Be2 Nbd7 9. Bf3 Nb6 10. Bg5 Bf5 11. Rd1 a5 12. Nge2 Qd6 13. Ng3 Bd7 14. Bxf6
exf6 15. Nge4 Qb4 16. O-O Nc4 17. Nc5 Bc8 18. Be2 Nd6 19. N3a4 b5 20. Nc3 Qxb3
21. axb3 Rb8 22. b4 axb4 23. Na2 b3 24. Nb4 Re8 25. Rfe1 Bf5 26. Nxb3 Nc4 27.
Nc5 Nxb2 28. Ra1 Na4 29. g4 Rxe2 30. Rxe2 Bxg4 31. Nc6 Ra8 32. Rea2 Bf8 33.
Nxa4 bxa4 34. Rxa4 Re8 35. Ra8 Re4 36. d6 Kg7 37. Rd8 Re6 38. d7 Rxc6 39. Rxf8
Bxd7 40. Rd8 Bh3 41. Rd1 1-0

[Event "GBR-ch73"]
[Site "Southampton"]
[Date "1986.07.28"]
[Round "1"]
[White "Lawton, Geoffrey W"]
[Black "Walker, David"]
[Result "1-0"]
[WhiteElo "2365"]
[BlackElo "2255"]
[PlyCount "77"]
[EventDate "1986.07.28"]
[EventType "swiss"]
[EventRounds "11"]
[EventCountry "GBR"]
[SourceTitle "BritBase"]
[Source "John Saunders"]
[SourceDate "2020.09.07"]
[SourceVersion "1"]
[SourceVersionDate "2020.09.07"]
[SourceQuality "2"]

1. e4 e6 2. d4 d5 3. Nd2 Nf6 4. e5 Nfd7 5. f4 c5 6. c3 Nc6 7. Ndf3 Qb6 8. g3
Be7 9. Kf2 cxd4 10. cxd4 f6 11. Kg2 O-O 12. h4 Kh8 13. Rh2 Ndb8 14. Kh1 Bd7 15.
Be3 Na5 16. Bd3 Nc4 17. Bc1 Nc6 18. b3 Na3 19. Bxh7 Kxh7 20. Ng5+ fxg5 21.
hxg5+ Kg8 22. g6 Rf5 23. Qg4 Bb4 24. Nf3 Ne7 25. Qh3 Nxg6 26. g4 Kf7 27. gxf5
exf5 28. Ng5+ Ke7 29. Qh7 Qxd4 30. Bb2 Qb6 31. Qxg7+ Kd8 32. Nf7+ Kc8 33. Rc1+
Bc6 34. Qxg6 d4+ 35. Kg1 d3+ 36. Kf1 Qb5 37. Nd6+ Bxd6 38. Rh8+ Kc7 39. Qxd6+
1-0

[Event "GBR-ch73"]
[Site "Southampton"]
[Date "1986.07.28"]
[Round "1"]
[White "McDonald, Neil R"]
[Black "Wicker, Kevin J"]
[Result "1/2-1/2"]
[WhiteElo "2495"]
[BlackElo "2305"]
[PlyCount "53"]
[EventDate "1986.07.28"]
[EventType "swiss"]
[EventRounds "11"]
[EventCountry "GBR"]
[SourceTitle "BritBase"]
[Source "John Saunders"]
[SourceDate "2020.09.07"]
[SourceVersion "1"]
[SourceVersionDate "2020.09.07"]
[SourceQuality "2"]

1. Nf3 Nf6 2. g3 b5 3. Bg2 Bb7 4. d4 e6 5. Bg5 c5 6. c3 h6 7. Bxf6 Qxf6 8. Nbd2
Qd8 9. e4 d5 10. O-O Nd7 11. Nh4 Nf6 12. Qe2 Qb6 13. a4 cxd4 14. cxd4 bxa4 15.
exd5 Bxd5 16. Bxd5 Nxd5 17. Nc4 Qb4 18. Ng6 Rg8 19. Rac1 Be7 20. Rfe1 Bg5 21.
Rc2 Bf6 22. Rec1 Rd8 23. Nge5 Ne7 24. Qe4 Kf8 25. Nd7+ Ke8 26. Nde5 Kf8 27.
Nd7+ 1/2-1/2

[Event "GBR-ch73"]
[Site "Southampton"]
[Date "1986.07.28"]
[Round "1"]
[White "Mestel, A Jonathan"]
[Black "Depasquale, Chris"]
[Result "1-0"]
[WhiteElo "2505"]
[BlackElo "2305"]
[PlyCount "69"]
[EventDate "1986.07.28"]
[EventType "swiss"]
[EventRounds "11"]
[EventCountry "GBR"]
[SourceTitle "BritBase"]
[Source "John Saunders"]
[SourceDate "2020.09.07"]
[SourceVersion "1"]
[SourceVersionDate "2020.09.07"]
[SourceQuality "2"]

1. e4 e6 2. d4 d5 3. Nc3 Bb4 4. e5 c5 5. a3 Bxc3+ 6. bxc3 Ne7 7. Qg4 Qc7 8.
Qxg7 Rg8 9. Qxh7 cxd4 10. Ne2 Nbc6 11. f4 Bd7 12. Qd3 dxc3 13. Qxc3 Nf5 14. Rb1
Rc8 15. Bd2 Nce7 16. Qxc7 Rxc7 17. c3 Ba4 18. Rb2 Nc6 19. h3 Na5 20. g4 Nc4 21.
Rb4 Nh4 22. Nd4 Bd7 23. Bc1 a6 24. Kf2 Na5 25. Bd2 Nc4 26. Bxc4 dxc4 27. a4 Ng6
28. Rhb1 Bc8 29. Nc2 Rh8 30. Kg3 Rd7 31. Rxc4 Rd3+ 32. Ne3 Ne7 33. Rd4 Rxd4 34.
cxd4 Nc6 35. Bc3 1-0

[Event "GBR-ch73"]
[Site "Southampton"]
[Date "1986.07.28"]
[Round "1"]
[White "Nicholson, John G"]
[Black "Watson, William N"]
[Result "0-1"]
[WhiteElo "2295"]
[BlackElo "2495"]
[PlyCount "78"]
[EventDate "1986.07.28"]
[EventType "swiss"]
[EventRounds "11"]
[EventCountry "GBR"]
[SourceTitle "BritBase"]
[Source "John Saunders"]
[SourceDate "2020.09.07"]
[SourceVersion "1"]
[SourceVersionDate "2020.09.07"]
[SourceQuality "2"]

1. e4 c5 2. Nf3 d6 3. d4 cxd4 4. Nxd4 Nf6 5. Nc3 g6 6. Bc4 Bg7 7. h3 a6 8. O-O
O-O 9. Re1 b5 10. Bb3 Bb7 11. a4 bxa4 12. Rxa4 Nbd7 13. Bd5 Nxd5 14. exd5 Nb6
15. Rb4 Qc7 16. Nc6 Bxc6 17. dxc6 Qxc6 18. Be3 Nc4 19. Qd5 Rfc8 20. Qxc6 Rxc6
21. Nd5 Kf8 22. Bg5 e6 23. Be7+ Ke8 24. Bf6 Kf8 25. Be7+ Kg8 26. Rxc4 Rxc4 27.
Nb6 Rac8 28. c3 d5 29. Ra1 Re8 30. Nxc4 Rxe7 31. Nd6 Ra7 32. Ra2 Be5 33. Nc8
Rb7 34. g4 Kf8 35. Rxa6 Rxb2 36. Nb6 Bxc3 37. Nd7+ Ke7 38. Nc5 Bd4 39. Ra7+ Kd6
0-1

[Event "GBR-ch73"]
[Site "Southampton"]
[Date "1986.07.28"]
[Round "1"]
[White "Norwood, David"]
[Black "Roe, Simon J"]
[Result "1-0"]
[WhiteElo "2415"]
[BlackElo "2230"]
[PlyCount "59"]
[EventDate "1986.07.28"]
[EventType "swiss"]
[EventRounds "11"]
[EventCountry "GBR"]
[SourceTitle "BritBase"]
[Source "John Saunders"]
[SourceDate "2020.09.07"]
[SourceVersion "1"]
[SourceVersionDate "2020.09.07"]
[SourceQuality "2"]

1. g3 Nf6 2. Bg2 g6 3. c4 Bg7 4. Nc3 O-O 5. d3 d6 6. e4 c5 7. Nge2 Nc6 8. O-O
Rb8 9. f4 a6 10. a4 Bd7 11. h3 Nd4 12. Nxd4 cxd4 13. Ne2 e5 14. b4 Qc8 15. Kh2
Ne8 16. b5 f5 17. exf5 gxf5 18. Ba3 Rf7 19. Rc1 Be6 20. c5 axb5 21. axb5 Qd7
22. c6 Qd8 23. cxb7 Qa5 24. fxe5 dxe5 25. Rc6 Qxa3 26. Rxe6 Nc7 27. Rc6 Qa2 28.
b6 Nd5 29. Rc8+ Rf8 30. Qc2 1-0

[Event "GBR-ch73"]
[Site "Southampton"]
[Date "1986.07.28"]
[Round "1"]
[White "Pritchett, Craig William"]
[Black "Giulian, Philip Maurice"]
[Result "1/2-1/2"]
[WhiteElo "2400"]
[BlackElo "2225"]
[PlyCount "91"]
[EventDate "1986.07.28"]
[EventType "swiss"]
[EventRounds "11"]
[EventCountry "GBR"]
[SourceTitle "BritBase"]
[Source "John Saunders"]
[SourceDate "2020.09.07"]
[SourceVersion "1"]
[SourceVersionDate "2020.09.07"]
[SourceQuality "2"]

1. e4 e6 2. d4 d5 3. Nc3 Nf6 4. e5 Nfd7 5. f4 c5 6. Nf3 Nc6 7. Be3 cxd4 8. Nxd4
Bc5 9. Qd2 Bxd4 10. Bxd4 Nxd4 11. Qxd4 Qb6 12. Qxb6 Nxb6 13. Bd3 Bd7 14. b3 Ke7
15. a4 a5 16. Kd2 Bc6 17. Ne2 Nd7 18. Nd4 g6 19. Rae1 h5 20. g3 Nc5 21. h3 Bd7
22. Rhf1 Rag8 23. Rf2 Rh7 24. c3 Rgh8 25. Bc2 Ra8 26. Ref1 Rah8 27. Ra1 Ra8 28.
Raf1 Rah8 29. Rf3 Ra8 30. R1f2 Rah8 31. Kc1 Ra8 32. Kb2 Rc8 33. Re3 Ra8 34. Ka3
Rh6 35. Ref3 Rh7 36. g4 hxg4 37. hxg4 Rah8 38. f5 gxf5 39. gxf5 exf5 40. Bxf5
Rh2 41. Bxd7 Rxf2 42. Rxf2 Nxd7 43. Nf5+ Ke6 44. Nd4+ Ke7 45. Nf5+ Ke6 46. Nd4+
1/2-1/2

[Event "GBR-ch73"]
[Site "Southampton"]
[Date "1986.07.28"]
[Round "1"]
[White "Quillan, Gary"]
[Black "Barber, Haydn J"]
[Result "1/2-1/2"]
[WhiteElo "2010"]
[BlackElo "2320"]
[PlyCount "81"]
[EventDate "1986.07.28"]
[EventType "swiss"]
[EventRounds "11"]
[EventCountry "GBR"]
[SourceTitle "BritBase"]
[Source "John Saunders"]
[SourceDate "2020.09.07"]
[SourceVersion "1"]
[SourceVersionDate "2020.09.07"]
[SourceQuality "2"]

1. e4 c5 2. f4 d5 3. Nc3 dxe4 4. Nxe4 Qc7 5. g3 Nf6 6. Nf2 g6 7. Nf3 Bg7 8. Bg2
Nc6 9. O-O O-O 10. d3 b6 11. c3 Bb7 12. f5 gxf5 13. Bf4 Qd7 14. Qd2 Ng4 15.
Nxg4 fxg4 16. Nh4 e6 17. Bh6 f5 18. Rae1 Rae8 19. Qg5 Nd8 20. Bxb7 Qxb7 21. d4
cxd4 22. cxd4 Kh8 23. Bxg7+ Qxg7 24. Qxg7+ Kxg7 25. d5 f4 26. gxf4 exd5 27. Rd1
Ne6 28. Rxd5 Rxf4 29. Rd7+ Kf6 30. Rxa7 h5 31. Re1 g3 32. hxg3 Rg8 33. Rh7
Rxg3+ 34. Kh2 Rg7 35. Rxe6+ Kxe6 36. Rxg7 Rxh4+ 37. Kg3 Rb4 38. b3 Kf5 39. Rc7
Ke5 40. Rh7 h4+ 41. Rxh4 1/2-1/2

[Event "GBR-ch73"]
[Site "Southampton"]
[Date "1986.07.28"]
[Round "1"]
[White "Rahman, Ziaur"]
[Black "Ravisekhar, Raja"]
[Result "0-1"]
[WhiteElo "2305"]
[BlackElo "2395"]
[PlyCount "58"]
[EventDate "1986.07.28"]
[EventType "swiss"]
[EventRounds "11"]
[EventCountry "GBR"]
[SourceTitle "BritBase"]
[Source "John Saunders"]
[SourceDate "2020.09.07"]
[SourceVersion "1"]
[SourceVersionDate "2020.09.07"]
[SourceQuality "2"]

1. e4 c5 2. Nf3 d6 3. d4 cxd4 4. Nxd4 Nf6 5. Nc3 g6 6. Be2 Bg7 7. O-O O-O 8.
Kh1 Nc6 9. Nb3 a5 10. a4 Be6 11. f4 Qc8 12. Bf3 Nb4 13. Be3 Bg4 14. Rf2 Bxf3
15. gxf3 Qh3 16. Nd4 Ng4 17. Qd2 Nxf2+ 18. Qxf2 e5 19. Ndb5 Nxc2 20. Rd1 Nxe3
21. Qxe3 exf4 22. Qe2 Rad8 23. Nxd6 Be5 24. Ncb5 Qe6 25. Nxb7 Rxd1+ 26. Qxd1
Qb6 27. Qd5 Rc8 28. N7d6 Rc1+ 29. Kg2 Qg1+ 0-1